[Event "4NCL/Div2/NWE2 vs. KHE"]
[Site "Nottingham ENG"]
[Date "2005.01.22"]
[Round "5.4"]
[White "Lewis, Alex"]
[Black "Spence, David"]
[Result "0-1"]
[WhiteElo "2145"]
[BlackElo "2216"]
[PlyCount "140"]
[EventDate "2005.01.22"]
[SourceDate "2004.09.21"]

1. e4 e6 2. d3 d5 3. Qe2 Be7 4. g3 Nf6 5. Bg2 c5 6. Nf3 Nc6 7. e5 Nd7 8. O-O
O-O 9. c4 Nb6 10. Nc3 a5 11. h4 a4 12. Bf4 a3 13. b3 Nb4 14. Rfd1 Bd7 15. Ng5
Qe8 16. Re1 Bc6 17. Rad1 Ra6 18. h5 h6 19. Nf3 Na8 20. Nh2 Nc7 21. Ng4 Qd8 22.
Qd2 Bg5 23. Bxg5 Qxg5 24. Qxg5 hxg5 25. Rd2 Rd8 26. Red1 b5 27. Ne2 Raa8 28.
Nc1 Rd7 29. h6 Ne8 30. hxg7 Kxg7 31. Ne3 Rad8 32. cxb5 Bxb5 33. Nc2 Nxc2 34.
Rxc2 Rc7 35. Ne2 f6 36. Nc3 Ba6 37. Na4 Rdc8 38. f4 c4 39. exf6+ Kxf6 40. dxc4
dxc4 41. fxg5+ Kxg5 42. b4 Bb5 43. Nc5 Rxc5 44. bxc5 Ba4 45. Rdc1 Bxc2 46. Rxc2
Rxc5 47. Rc3 Nd6 48. Bf1 Kf6 49. Kg2 Ke5 50. Rxa3 c3 51. Bd3 c2 52. Bxc2 Rxc2+
53. Kf3 Nc4 54. Ra8 Rc3+ 55. Kg4 Ke4 56. a4 Ra3 57. Kh4 e5 58. g4 Ra1 59. Kh5
Nb6 60. Ra6 Nd5 61. g5 Kf5 62. Kh4 Rh1+ 63. Kg3 Rg1+ 64. Kf3 Rxg5 65. a5 e4+
66. Ke2 Rg2+ 67. Ke1 Ra2 68. Ra8 Kf4 69. a6 Ke3 70. Kd1 Nb4 0-1

[Event "4NCL/Div2/NWE2 vs. KHE"]
[Site "Nottingham ENG"]
[Date "2005.01.22"]
[Round "5.5"]
[White "Savory, Richard J"]
[Black "Mackenzie, Colin"]
[Result "1/2-1/2"]
[WhiteElo "2104"]
[BlackElo "2144"]
[PlyCount "84"]
[EventDate "2005.01.22"]
[SourceDate "2004.09.21"]

1. e4 e6 2. d4 d5 3. Nd2 c5 4. Ngf3 Nc6 5. exd5 exd5 6. Bb5 Bd6 7. dxc5 Bxc5 8.
Nb3 Bd6 9. O-O Nge7 10. c3 O-O 11. Bg5 h6 12. Bh4 f6 13. Bg3 Ne5 14. Nbd4 Qb6
15. Qd2 Nxf3+ 16. gxf3 Bc5 17. Ba4 f5 18. Bb3 Bxd4 19. cxd4 f4 20. Bxf4 Bh3 21.
Rfe1 Qf6 22. Rxe7 Qxe7 23. Bxd5+ Kh8 24. Be5 Kh7 25. Kh1 Rad8 26. Be4+ Bf5 27.
Qc2 Qf7 28. Rg1 g6 29. Bxf5 Qxf5 30. Qxf5 Rxf5 31. Rc1 Rf7 32. f4 Rfd7 33. Kg2
Kg8 34. Kf3 Kf7 35. Ke4 Ke6 36. Rg1 Kf7 37. Rc1 a6 38. Rc5 Ke6 39. Rc1 Kf7 40.
Rc5 Ke6 41. Rc1 Rd5 42. Rc7 R5d7 1/2-1/2

[Event "4NCL/Div2/NWE2 vs. KHE"]
[Site "Nottingham ENG"]
[Date "2005.01.22"]
[Round "5.6"]
[White "Ward, Julian T"]
[Black "Ruston, Mark R"]
[Result "1/2-1/2"]
[WhiteElo "2170"]
[BlackElo "2092"]
[PlyCount "142"]
[EventDate "2005.01.22"]
[SourceDate "2004.09.21"]

1. Nf3 Nf6 2. c4 b6 3. g3 Bb7 4. Bg2 e6 5. O-O c5 6. Nc3 Be7 7. d3 O-O 8. e4 d6
9. b3 a6 10. Bb2 Qc7 11. Rc1 Rd8 12. Re1 Nc6 13. d4 cxd4 14. Nxd4 Rd7 15. Nce2
Rad8 16. Qc2 Ne5 17. Qb1 Qb8 18. Nc3 Ng6 19. Qa1 h5 20. Rcd1 h4 21. Bh3 Kh7 22.
Nf3 hxg3 23. hxg3 Rh8 24. Bg2 Kg8 25. a3 Qa8 26. Qb1 Qd8 27. Qd3 Ng4 28. Ne2
Bf6 29. Bc1 Qa8 30. Nf4 N4e5 31. Nxe5 Nxe5 32. Qc2 Rd8 33. Qe2 b5 34. cxb5 axb5
35. Qxb5 Ba6 36. Qb6 g5 37. Nh3 Rxh3 38. Bxh3 Nf3+ 39. Kh1 Nxe1 40. Rxe1 Kg7
41. Bg2 Bb7 42. Kg1 Rd7 43. a4 d5 44. e5 Bd8 45. Qd4 f5 46. exf6+ Bxf6 47. Qg4
Qd8 48. Rxe6 Rc7 49. Qd1 Qc8 50. Re1 d4 51. Bb2 Bxg2 52. Kxg2 Qb7+ 53. Qf3
Qxf3+ 54. Kxf3 Rb7 55. Bc1 Rxb3+ 56. Ke4 Rb8 57. Bd2 Rb2 58. Rd1 Ra2 59. a5 Bd8
60. f3 Kg6 61. Bb4 Bxa5 62. Bxa5 Rxa5 63. Rxd4 Ra6 64. Ke5 Ra5+ 65. Rd5 Ra3 66.
Rd6+ Kh5 67. g4+ Kh4 68. Ke4 Ra4+ 69. Rd4 Ra5 70. Rd5 Ra4+ 71. Rd4 Ra5 1/2-1/2

[Event "4NCL/Div2/NWE2 vs. KHE"]
[Site "Nottingham ENG"]
[Date "2005.01.22"]
[Round "5.7"]
[White "Hanley, James"]
[Black "Compton, Alistair"]
[Result "1/2-1/2"]
[WhiteElo "2056"]
[BlackElo "2103"]
[PlyCount "102"]
[EventDate "2005.01.22"]
[SourceDate "2004.09.21"]

1. e4 e6 2. d4 d5 3. e5 Ne7 4. Nf3 b6 5. Bd3 Ba6 6. O-O Bxd3 7. Qxd3 c5 8. dxc5
bxc5 9. c4 Nbc6 10. Nc3 a6 11. cxd5 Nb4 12. Qd1 Nexd5 13. Bg5 Be7 14. Bxe7 Qxe7
15. Ne4 O-O 16. a3 Nc6 17. Rc1 Rfd8 18. Qa4 Nd4 19. Nxd4 cxd4 20. Qxd4 Nf4 21.
Qe3 Nd3 22. Rc3 Nxe5 23. Rfc1 h6 24. h3 Qd7 25. Qg3 Qd4 26. Nf6+ Kh8 27. Ng4
Nxg4 28. hxg4 Rd5 29. Qf3 Kg8 30. b4 Rad8 31. Qe2 Qf6 32. Rf3 Qg5 33. Re1 a5
34. Re3 Rd2 35. Qf3 axb4 36. axb4 Qd5 37. Qf4 Rb2 38. Rf3 Rd7 39. Rc1 f6 40.
Rc8+ Kf7 41. Rfc3 Qd1+ 42. Kh2 Qd6 43. Qxd6 Rxd6 44. R3c7+ Kg6 45. Rg8 Kg5 46.
Rgxg7+ Kf4 47. Rg6 Ke5 48. f4+ Kxf4 49. Rxf6+ Ke5 50. Rf3 Rxb4 51. Rh7 Rxg4
1/2-1/2

[Event "4NCL/Div2/BRI2 vs. BAR2"]
[Site "Nottingham ENG"]
[Date "2005.01.22"]
[Round "5.1"]
[White "Helbig, Paul D"]
[Black "Palliser, Richard"]
[Result "0-1"]
[WhiteElo "2184"]
[BlackElo "2402"]
[PlyCount "90"]
[EventDate "2005.01.22"]
[SourceDate "2004.09.21"]

1. e4 c5 2. Nc3 Nc6 3. g3 g6 4. Bg2 Bg7 5. d3 d6 6. f4 Nf6 7. Nf3 O-O 8. O-O
Rb8 9. h3 b5 10. a3 a5 11. Be3 b4 12. axb4 axb4 13. Ne2 Bb7 14. b3 Qc7 15. Rc1
Ra8 16. g4 Ra2 17. Qe1 Rfa8 18. f5 Rb2 19. fxg6 hxg6 20. Qh4 Raa2 21. Ng5 Rxc2
22. Rxc2 Rxc2 23. Nf4 Ne5 24. Nfe6 fxe6 25. Rxf6 Bh6 26. Rxg6+ Nxg6 27. Qxh6
Nf8 28. Nxe6 Nxe6 29. Qxe6+ Kf8 30. g5 Qa5 31. Qh6+ Ke8 32. Qh5+ Kd8 33. g6
Qa1+ 34. Kh2 Bc8 35. Qg5 Be6 36. h4 Bxb3 37. h5 Bg8 38. h6 b3 39. h7 Qh8 40.
Qh6 b2 41. Qf8+ Kd7 42. Kg3 Rxg2+ 43. Kxg2 b1=Q 44. Qxg8 Qc2+ 45. Bf2 Qf6 0-1

[Event "4NCL/Div2/BRI2 vs. BAR2"]
[Site "Nottingham ENG"]
[Date "2005.01.22"]
[Round "5.2"]
[White "Berry, Neil"]
[Black "Dilleigh, Stephen P"]
[Result "1-0"]
[WhiteElo "2260"]
[BlackElo "2161"]
[PlyCount "119"]
[EventDate "2005.01.22"]
[SourceDate "2004.09.21"]

1. d4 Nf6 2. c4 g6 3. Nc3 Bg7 4. e4 d6 5. Nf3 O-O 6. Be2 e5 7. Be3 Na6 8. O-O
Ng4 9. Bg5 Qe8 10. dxe5 dxe5 11. h3 h6 12. Bd2 Nf6 13. Be3 Qe7 14. a3 Nh5 15.
Re1 c6 16. b4 Nf4 17. Bf1 Rd8 18. Qc2 Ne6 19. Rad1 Nd4 20. Bxd4 exd4 21. Ne2 c5
22. b5 Nc7 23. Nf4 b6 24. Nd5 Qd7 25. Qd2 Bb7 26. Qf4 Nxd5 27. exd5 Re8 28. Bd3
Rxe1+ 29. Rxe1 Re8 30. Rxe8+ Qxe8 31. Qc7 Qc8 32. Qe7 Bf8 33. Qf6 Bg7 34. Qe7
Bf8 35. Qf6 Bg7 36. Qf4 Qe8 37. a4 Qd8 38. Ne5 Qe7 39. Nf3 Qe8 40. Kf1 Qd8 41.
h4 a5 42. Ne5 Qe7 43. Nf3 Qd8 44. h5 g5 45. Qe4 Kf8 46. g4 Qf6 47. Qf5 Ke7 48.
Ke2 Qxf5 49. Bxf5 Kd6 50. Kd3 Bf6 51. Ke4 Bg7 52. Ne1 Be5 53. Nd3 Bh2 54. f4 f6
55. fxg5 fxg5 56. Be6 Bg3 57. Kf5 Ke7 58. Kg6 Bh2 59. Kxh6 Kf6 60. Kh7 1-0

[Event "4NCL/Div2/BRI2 vs. BAR2"]
[Site "Nottingham ENG"]
[Date "2005.01.22"]
[Round "5.3"]
[White "Collier, David O"]
[Black "Dishman, Stephen"]
[Result "0-1"]
[WhiteElo "2142"]
[BlackElo "2314"]
[PlyCount "78"]
[EventDate "2005.01.22"]
[SourceDate "2004.09.21"]

1. d4 d5 2. c4 e6 3. Nc3 Nf6 4. Bg5 Nbd7 5. e3 c6 6. cxd5 exd5 7. Bd3 Be7 8.
Qc2 O-O 9. Nge2 Re8 10. O-O Nf8 11. Bxf6 Bxf6 12. b4 Be7 13. b5 Bd6 14. bxc6
bxc6 15. e4 dxe4 16. Nxe4 Bf5 17. Nxd6 Bxd3 18. Qxd3 Qxd6 19. Rfd1 Ne6 20. d5
Red8 21. Nc3 Nf4 22. Qf3 Nxd5 23. Rd3 Rd7 24. Rad1 Rad8 25. Ne4 Qe5 26. g3 h6
27. Nc5 Re7 28. Ra3 Rd6 29. Rb1 Rf6 30. Qd3 Nb6 31. Rc1 Rd6 32. Qc2 Nd5 33. Rb1
Rf6 34. Nd3 Qf5 35. Qc5 Kh7 36. Rd1 Qf3 37. Qc2 g6 38. Rb3 Re2 39. Rd2 Ne3 0-1

[Event "4NCL/Div2/BRI2 vs. BAR2"]
[Site "Nottingham ENG"]
[Date "2005.01.22"]
[Round "5.4"]
[White "Taylor, Martin R"]
[Black "Curtis, John"]
[Result "1/2-1/2"]
[WhiteElo "2308"]
[BlackElo "2126"]
[PlyCount "66"]
[EventDate "2005.01.22"]
[SourceDate "2004.09.21"]

1. d4 Nf6 2. Bg5 e6 3. e4 h6 4. Bxf6 Qxf6 5. Nc3 Bb4 6. Qd3 c5 7. e5 Qe7 8. a3
Bxc3+ 9. Qxc3 b6 10. dxc5 Qxc5 11. Qxc5 bxc5 12. Nf3 Nc6 13. O-O-O f6 14. exf6
gxf6 15. Bb5 Bb7 16. Rhe1 Rg8 17. g3 Rd8 18. Rd3 Kf7 19. Rc3 Ne7 20. Nd2 d6 21.
b4 Nd5 22. Rb3 cxb4 23. axb4 a6 24. Be2 Rb8 25. c3 Rgc8 26. Kb2 Ke7 27. Ra1 Ra8
28. Ra5 f5 29. c4 Nf6 30. f3 Nd7 31. Rc3 Nb8 32. b5 axb5 33. Rxa8 b4 1/2-1/2

[Event "4NCL/Div2/BRI2 vs. BAR2"]
[Site "Nottingham ENG"]
[Date "2005.01.22"]
[Round "5.5"]
[White "Easton, Alex"]
[Black "Twyble, Michael S"]
[Result "1/2-1/2"]
[WhiteElo "2103"]
[BlackElo "2215"]
[PlyCount "52"]
[EventDate "2005.01.22"]
[SourceDate "2004.09.21"]

1. Nf3 Nf6 2. c4 g6 3. Nc3 c5 4. d4 cxd4 5. Nxd4 Nc6 6. e4 Bg7 7. Be3 O-O 8.
Be2 d6 9. O-O Bd7 10. Nc2 a6 11. f3 Rc8 12. Qd2 Re8 13. Rac1 Ne5 14. b3 Qa5 15.
Nd4 Nc6 16. Rfd1 Nxd4 17. Bxd4 Bc6 18. Rc2 Nd7 19. Be3 Nc5 20. Rb1 Qd8 21. b4
Na4 22. Nxa4 Bxa4 23. Rcc1 b5 24. cxb5 axb5 25. Rxc8 Qxc8 26. Rc1 Qe6 1/2-1/2

[Event "4NCL/Div2/BRI2 vs. BAR2"]
[Site "Nottingham ENG"]
[Date "2005.01.22"]
[Round "5.6"]
[White "Pritchett, Craig W"]
[Black "Bareham, David"]
[Result "1-0"]
[WhiteElo "2258"]
[BlackElo "2108"]
[PlyCount "55"]
[EventDate "2005.01.22"]
[SourceDate "2004.09.21"]

1. c4 e5 2. g3 Nc6 3. Bg2 g6 4. Nc3 Bg7 5. Rb1 d6 6. d3 Be6 7. b4 Qd7 8. b5 Nd8
9. e4 f5 10. Nge2 Nf6 11. O-O O-O 12. Nd5 c6 13. Nxf6+ Bxf6 14. bxc6 bxc6 15.
Qa4 Rf7 16. Be3 Rc8 17. d4 fxe4 18. dxe5 Bxe5 19. Bxe4 Bh3 20. Rfd1 Qg4 21. Qc2
Ne6 22. Rb3 Rcf8 23. Bxc6 Ng5 24. f4 Nf3+ 25. Kf2 Bxf4 26. Nxf4 Rxf4 27. Bxf4
Rxf4 28. Rxf3 1-0

[Event "4NCL/Div2/BRI2 vs. BAR2"]
[Site "Nottingham ENG"]
[Date "2005.01.22"]
[Round "5.7"]
[White "Chaplin, Peter"]
[Black "Mack, Andrew"]
[Result "1/2-1/2"]
[WhiteElo "2051"]
[BlackElo "2242"]
[PlyCount "72"]
[EventDate "2005.01.22"]
[SourceDate "2004.09.21"]

1. Nc3 e6 2. e4 d5 3. d4 Nf6 4. exd5 exd5 5. Bd3 Be7 6. Bf4 O-O 7. Nge2 c6 8.
Qd2 b5 9. Ng3 Nbd7 10. O-O Nb6 11. Rae1 Re8 12. Be5 Nc4 13. Bxc4 bxc4 14. Bxf6
Bxf6 15. Rxe8+ Qxe8 16. Na4 Qd8 17. Re1 Be7 18. Qe3 Bf8 19. b3 cxb3 20. axb3
Bd7 21. Qf4 Be6 22. Re2 Qd6 23. Qxd6 Bxd6 24. Re1 Rb8 25. Ra1 Rb4 26. Nc5 Rxd4
27. Nd3 Bb8 28. Ne2 Re4 29. Ng3 Bxg3 30. hxg3 Re2 31. Rxa7 h6 32. Ra8+ Kh7 33.
Nb4 c5 34. Kf1 Rd2 35. Ke1 Rd4 36. Nd3 c4 1/2-1/2

[Event "4NCL/Div2/BRI2 vs. BAR2"]
[Site "Nottingham ENG"]
[Date "2005.01.22"]
[Round "5.8"]
[White "Bhatia, Kanwal K"]
[Black "Hagesaether, Torill"]
[Result "1-0"]
[WhiteElo "2071"]
[BlackElo "1995"]
[PlyCount "55"]
[EventDate "2005.01.22"]
[SourceDate "2004.09.21"]

1. e4 d5 2. exd5 Qxd5 3. Nc3 Qa5 4. d4 Nf6 5. Nf3 c6 6. Bc4 Bf5 7. O-O e6 8.
Bf4 Be7 9. Qd2 Qd8 10. Rfe1 O-O 11. Rad1 Bd6 12. Ne5 Nbd7 13. Qe2 Nb6 14. Bd3
Bxd3 15. Rxd3 Rc8 16. Rg3 Nbd5 17. Bh6 Ne8 18. Bxg7 Nxg7 19. Qg4 Qf6 20. Ne4
Qh6 21. Nxd6 f5 22. Qd1 Rc7 23. c4 Nf6 24. Rh3 Qf4 25. g3 Qg5 26. f4 Qh5 27.
Rxh5 Ngxh5 28. Nf3 1-0

[Event "4NCL/Div2/SLOS1 vs. WRO"]
[Site "Nottingham ENG"]
[Date "2005.01.22"]
[Round "5.1"]
[White "Pert, Nicholas"]
[Black "Tozer, Richard J D"]
[Result "1-0"]
[WhiteElo "2501"]
[BlackElo "2302"]
[PlyCount "81"]
[EventDate "2005.01.22"]
[SourceDate "2004.09.21"]

1. d4 Nc6 2. Nf3 d6 3. d5 Ne5 4. Nxe5 dxe5 5. e4 Nf6 6. Nc3 g6 7. Bg5 Bg7 8.
Be2 h6 9. Be3 O-O 10. Qd2 Kh7 11. O-O-O Ng4 12. Bxg4 Bxg4 13. f3 Bd7 14. g4 e6
15. Rhg1 exd5 16. exd5 f5 17. h4 Qe7 18. gxf5 Rxf5 19. Ne4 Rxf3 20. Rxg6 Bf5
21. Rxg7+ Qxg7 22. Bxh6 Qxh6 23. Ng5+ Kg6 24. Nxf3 Qxd2+ 25. Kxd2 Rd8 26. c4 c6
27. Ke3 Kf6 28. Rd2 cxd5 29. cxd5 Rd6 30. h5 Bh7 31. Nh4 Kg5 32. Ng6 Bxg6 33.
hxg6 Kxg6 34. Ke4 Kf6 35. Rh2 Ra6 36. Rh6+ Ke7 37. Rxa6 bxa6 38. Kxe5 a5 39. a4
Kd7 40. d6 Kd8 41. Kd5 1-0

[Event "4NCL/Div2/SLOS1 vs. WRO"]
[Site "Nottingham ENG"]
[Date "2005.01.22"]
[Round "5.2"]
[White "Gayson, Peter M"]
[Black "Jones, Gawain C B"]
[Result "0-1"]
[WhiteElo "2234"]
[BlackElo "2453"]
[PlyCount "90"]
[EventDate "2005.01.22"]
[SourceDate "2004.09.21"]

1. e4 c5 2. Nf3 d6 3. d4 cxd4 4. Nxd4 Nf6 5. Nc3 g6 6. f4 Nc6 7. Be2 Bg7 8. Be3
O-O 9. O-O Bd7 10. Bf3 a6 11. Kh1 Rc8 12. Nb3 b5 13. a3 Be6 14. Nd5 Bxd5 15.
exd5 Na5 16. Nxa5 Qxa5 17. c3 Qa4 18. Bd4 Nd7 19. Bxg7 Kxg7 20. Qe2 Rfe8 21.
Rad1 Qc4 22. Qe3 Qc5 23. Qd3 Nb6 24. Rfe1 a5 25. Re4 Nc4 26. Qe2 a4 27. h3 Rc7
28. Re1 Qxd5 29. Re5 Qd2 30. Rxb5 Qxf4 31. Rb4 Qe5 32. Qxe5+ Nxe5 33. Rxa4 Nd3
34. Re2 Rb8 35. b4 e6 36. Rd2 Rxc3 37. Be4 Ne5 38. Rxd6 Nc4 39. Rc6 Rxa3 40.
Rxa3 Nxa3 41. Ra6 Nc4 42. Ra4 Nb2 43. Ra7 Rxb4 44. Bc6 Nc4 45. Bd7 Kf6 0-1

[Event "4NCL/Div2/SLOS1 vs. WRO"]
[Site "Nottingham ENG"]
[Date "2005.01.22"]
[Round "5.3"]
[White "Gwaze, Robert"]
[Black "Adams, David M"]
[Result "1-0"]
[WhiteElo "2409"]
[BlackElo "2207"]
[PlyCount "81"]
[EventDate "2005.01.22"]
[SourceDate "2004.09.21"]

1. e4 e5 2. Nf3 Nf6 3. Nxe5 d6 4. Nf3 Nxe4 5. d4 d5 6. Bd3 Nc6 7. O-O Be7 8.
Re1 Bg4 9. c3 f5 10. Qb3 Qd6 11. Nbd2 O-O-O 12. Bb5 Bf6 13. h3 Bh5 14. Be2 Rhe8
15. Nf1 f4 16. N1h2 g5 17. Qd1 Bg6 18. Ng4 Bg7 19. Bb5 h5 20. Nge5 Bxe5 21.
Bxc6 Qxc6 22. Nxe5 Qb6 23. a4 a5 24. Qe2 Nd6 25. h4 gxh4 26. Bxf4 h3 27. Bg5
hxg2 28. Bxd8 Kxd8 29. Qf3 Be4 30. Qh3 Bf5 31. Nf7+ Kd7 32. Qxh5 Rf8 33. Nxd6
Qxd6 34. Re5 Be4 35. Qg4+ Kd8 36. Re1 Qf6 37. Qg5 Qxg5 38. Rxg5 Rf6 39. Re3 Rh6
40. f3 Bc2 41. Rxd5+ 1-0

[Event "4NCL/Div2/SLOS1 vs. WRO"]
[Site "Nottingham ENG"]
[Date "2005.01.22"]
[Round "5.4"]
[White "Taylor, Robert K"]
[Black "Paehtz, Elisabeth"]
[Result "0-1"]
[WhiteElo "2149"]
[BlackElo "2407"]
[PlyCount "74"]
[EventDate "2005.01.22"]
[SourceDate "2004.09.21"]

1. e4 c5 2. Nf3 d6 3. d4 Nf6 4. dxc5 Qa5+ 5. Qd2 Qxc5 6. Nc3 a6 7. Bd3 e6 8.
Qe3 Qc7 9. a4 Be7 10. O-O Nc6 11. Bd2 b6 12. Rac1 O-O 13. b3 Re8 14. h3 Bb7 15.
Rfd1 Bf8 16. Qf4 Rac8 17. Na2 Nb8 18. c4 Nbd7 19. Re1 Red8 20. Bc3 Qb8 21. Bb2
Be7 22. Nc3 Qa8 23. Rcd1 Nf8 24. Qe3 Rb8 25. a5 bxa5 26. Ra1 Ng6 27. Rxa5 Re8
28. Bc2 Nd7 29. Nd2 h6 30. b4 Bd8 31. Ra2 Bg5 32. Qe2 Nde5 33. Nb5 Red8 34. Bd4
Rd7 35. Be3 Rc8 36. Bxg5 hxg5 37. Bb3 Nf4 0-1

[Event "4NCL/Div2/SLOS1 vs. WRO"]
[Site "Nottingham ENG"]
[Date "2005.01.22"]
[Round "5.5"]
[White "Aagaard, Jacob"]
[Black "Barrett, Steve J"]
[Result "1-0"]
[WhiteElo "2449"]
[BlackElo "2181"]
[PlyCount "67"]
[EventDate "2005.01.22"]
[SourceDate "2004.09.21"]

1. e4 c5 2. Nf3 e6 3. d4 cxd4 4. Nxd4 Nf6 5. Nc3 d6 6. Be3 a6 7. f3 b5 8. g4
Nfd7 9. Qd2 Nb6 10. Qf2 N8d7 11. a4 b4 12. Nc6 Qc7 13. Nxb4 d5 14. Nd3 Nc4 15.
Bd4 Nxb2 16. Nxb2 Bb4 17. Qe3 e5 18. O-O-O Bb7 19. Nxd5 Bxd5 20. exd5 O-O 21.
d6 Qa5 22. Ba7 Rfc8 23. Bc4 Bc3 24. Bb3 Qb4 25. Rd3 Rc6 26. Kb1 Rac8 27. Qe4
Qa3 28. Rxc3 Rxc3 29. Qb7 Qxd6 30. Rd1 R8c7 31. Rxd6 Rxb7 32. Rxa6 Rxf3 33. Ka2
Rf2 34. Bxf2 1-0

[Event "4NCL/Div2/SLOS1 vs. WRO"]
[Site "Nottingham ENG"]
[Date "2005.01.22"]
[Round "5.6"]
[White "Arnott, Jonathan W"]
[Black "Gourlay, Iain"]
[Result "0-1"]
[WhiteElo "2126"]
[BlackElo "2304"]
[PlyCount "62"]
[EventDate "2005.01.22"]
[SourceDate "2004.09.21"]

1. e4 c5 2. d3 Nc6 3. g3 g6 4. f4 Bg7 5. Nf3 d6 6. c3 Nf6 7. Na3 O-O 8. Bg2 Rb8
9. Nc2 b5 10. e5 dxe5 11. fxe5 Nd5 12. d4 b4 13. cxb4 Ndxb4 14. Nxb4 Nxb4 15.
a3 Nc6 16. dxc5 Qa5+ 17. Bd2 Qxc5 18. Rc1 Qb6 19. Qe2 Ba6 20. Qe4 Bb7 21. Qe2
Nxe5 22. Nxe5 Bxg2 23. Nd7 Qb7 24. Nc5 Qd5 25. Rg1 Bf3 26. Qd3 Bxb2 27. Rc2 Bd4
28. Rf1 Qe5+ 29. Be3 Bxe3 30. Rxf3 Rb1+ 31. Ke2 Bxc5+ 0-1

[Event "4NCL/Div2/SLOS1 vs. WRO"]
[Site "Nottingham ENG"]
[Date "2005.01.22"]
[Round "5.7"]
[White "Taylor, Robert M"]
[Black "Cumbers, Paul"]
[Result "1/2-1/2"]
[WhiteElo "2195"]
[BlackElo "2118"]
[PlyCount "117"]
[EventDate "2005.01.22"]
[SourceDate "2004.09.21"]

1. e4 e6 2. d4 d5 3. Nc3 Nf6 4. exd5 exd5 5. Bd3 Bb4 6. Nge2 O-O 7. O-O Bg4 8.
f3 Bh5 9. Bg5 c6 10. Nf4 Bg6 11. Nxg6 hxg6 12. f4 Qb6 13. Bxf6 gxf6 14. Ne2 f5
15. c3 Bd6 16. Ng3 Kg7 17. Bxf5 c5 18. Qg4 Rh8 19. Rad1 cxd4 20. cxd4 Nc6 21.
Bxg6 Nxd4 22. Bh5+ Kf8 23. Kh1 Be7 24. f5 Bf6 25. b3 Nc2 26. Rd3 Ne3 27. Rxe3
Qxe3 28. Qb4+ Qe7 29. Qxe7+ Bxe7 30. Bf3 Bd6 31. Kg1 Bc5+ 32. Kh1 Rd8 33. Rd1
Rh6 34. h3 Rhd6 35. Be2 Bf2 36. Nf1 d4 37. Bd3 Re8 38. g4 Re1 39. Rxe1 Bxe1 40.
Kg2 Kg7 41. Ng3 Bxg3 42. Kxg3 Rc6 43. Kf4 Rc1 44. g5 Rh1 45. Ke5 Rxh3 46. Kxd4
Rg3 47. g6 fxg6 48. fxg6 Kf6 49. a4 a5 50. Kc4 b6 51. Kd4 Rg5 52. Kc4 Ke6 53.
Kc3 Ke5 54. b4 Rg4 55. bxa5 bxa5 56. Bc2 Kd6 57. g7 Kc5 58. Bd3 Rxg7 59. Bb5
1/2-1/2

[Event "4NCL/Div2/SLOS1 vs. WRO"]
[Site "Nottingham ENG"]
[Date "2005.01.22"]
[Round "5.8"]
[White "Khakimova, Masrura"]
[Black "Richmond, Robert J"]
[Result "0-1"]
[WhiteElo "1805"]
[BlackElo "2257"]
[PlyCount "72"]
[EventDate "2005.01.22"]
[SourceDate "2004.09.21"]

1. e4 e6 2. d4 d5 3. exd5 exd5 4. Nf3 Nf6 5. Bd3 Be7 6. O-O Bg4 7. h3 Bh5 8.
Bf4 O-O 9. Nbd2 Nbd7 10. c3 c6 11. Qc2 Bg6 12. Rfe1 Bxd3 13. Qxd3 Re8 14. Ne5
Nxe5 15. Rxe5 Nd7 16. Re3 Bf6 17. Rae1 Rxe3 18. Rxe3 Nf8 19. Nf3 Ne6 20. Bg3 h6
21. Qe2 g6 22. Ne5 Ng5 23. Ng4 Bg7 24. f3 h5 25. Ne5 Nh7 26. Nd3 Bf6 27. Nc5 b6
28. Nb7 Qd7 29. Nd6 Kf8 30. Be5 Be7 31. Nxf7 Kxf7 32. f4 Bf6 33. f5 Qxf5 34.
Rf3 Qe6 35. Qf2 Kg7 36. Qe1 Bxe5 0-1

[Event "4NCL/Div2/WWKS1 vs. PYO"]
[Site "Nottingham ENG"]
[Date "2005.01.22"]
[Round "5.1"]
[White "Wu, Li"]
[Black "Rendle, Thomas E"]
[Result "1/2-1/2"]
[WhiteElo "2247"]
[BlackElo "2370"]
[PlyCount "62"]
[EventDate "2005.01.22"]
[SourceDate "2004.09.21"]

1. d4 f5 2. Nc3 Nf6 3. Bg5 d5 4. Bxf6 exf6 5. e3 Be6 6. Qf3 Qd7 7. Bb5 Nc6 8.
Nge2 a6 9. Bd3 Ne7 10. Nf4 Bf7 11. h4 h5 12. Nce2 g5 13. hxg5 fxg5 14. Nxh5
Rxh5 15. Rxh5 g4 16. Bxf5 gxf3 17. Bxd7+ Kxd7 18. Rh8 fxe2 19. Kxe2 Bg8 20. g4
Bg7 21. Rh2 c5 22. c3 cxd4 23. cxd4 Nc6 24. f4 Na5 25. Kf3 Nc4 26. b3 Nd6 27.
Rc1 b5 28. Rhc2 Ra7 29. Rc6 Bf6 30. Rb6 Bd8 31. Rb8 Bf7 1/2-1/2

[Event "4NCL/Div2/WWKS1 vs. PYO"]
[Site "Nottingham ENG"]
[Date "2005.01.22"]
[Round "5.2"]
[White "Martyn, Rafe"]
[Black "Hynes, Anthony"]
[Result "0-1"]
[WhiteElo "2281"]
[BlackElo "2247"]
[PlyCount "74"]
[EventDate "2005.01.22"]
[SourceDate "2004.09.21"]

1. d4 Nf6 2. c4 g6 3. Nc3 Bg7 4. Nf3 O-O 5. Bg5 h6 6. Bh4 d6 7. e3 Nbd7 8. Be2
e5 9. Qc2 Re8 10. O-O g5 11. Bg3 Nh5 12. dxe5 Nxg3 13. hxg3 Nxe5 14. Nd4 g4 15.
Nf5 h5 16. Nxg7 Kxg7 17. Rad1 h4 18. c5 Rh8 19. cxd6 cxd6 20. Nb5 Qg5 21. Qe4
Bd7 22. Nxd6 h3 23. Qf4 Qh5 24. Nxf7 hxg2 25. Qxe5+ Qxe5 26. Nxe5 gxf1=Q+ 27.
Bxf1 Be6 28. Rd6 Rhe8 29. Bb5 Rad8 30. Rxd8 Rxd8 31. Nd3 Bxa2 32. Nc5 Rd5 33.
Ne6+ Kf6 34. Nd4 Rc5 35. Bd7 Rc1+ 36. Kh2 Bd5 37. f3 gxf3 {time} 0-1

[Event "4NCL/Div2/WWKS1 vs. PYO"]
[Site "Nottingham ENG"]
[Date "2005.01.22"]
[Round "5.3"]
[White "Thomas, Nicholas"]
[Black "Dorrington, Christopher"]
[Result "0-1"]
[WhiteElo "2216"]
[BlackElo "2194"]
[PlyCount "80"]
[EventDate "2005.01.22"]
[SourceDate "2004.09.21"]

1. e4 c5 2. Nc3 e6 3. Nf3 Nc6 4. Bb5 Nge7 5. O-O a6 6. Bxc6 Nxc6 7. d4 cxd4 8.
Nxd4 d6 9. Nxc6 bxc6 10. e5 d5 11. Qg4 Qc7 12. Re1 Bb7 13. Bg5 h6 14. Bh4 c5
15. f4 h5 16. Qh3 Be7 17. Bxe7 Qxe7 18. Rad1 g6 19. Rd2 Kf8 20. Ne2 Kg7 21. Nc1
h4 22. Nb3 Rac8 23. c3 Rh5 24. Re3 Qc7 25. Qg4 a5 26. Rh3 a4 27. Nc1 Qe7 28.
Nd3 d4 29. Ne1 Be4 30. Qd1 Bf5 31. Qxa4 Bxh3 32. gxh3 Rhh8 33. Nf3 Ra8 34. Qc4
dxc3 35. bxc3 Rhb8 36. Ng5 Rb1+ 37. Kf2 Qb7 38. Ne4 Rb2 39. Rxb2 Qxb2+ 40. Qe2
Qa1 0-1

[Event "4NCL/Div2/WWKS1 vs. PYO"]
[Site "Nottingham ENG"]
[Date "2005.01.22"]
[Round "5.4"]
[White "Bennet, William D"]
[Black "Shephard, Chris C W"]
[Result "0-1"]
[WhiteElo "2122"]
[BlackElo "2275"]
[PlyCount "122"]
[EventDate "2005.01.22"]
[SourceDate "2004.09.21"]

1. d4 Nf6 2. c4 c5 3. d5 e5 4. Nc3 d6 5. g3 g6 6. Bg2 Bg7 7. f4 exf4 8. Bxf4
Nh5 9. Nf3 Nxf4 10. gxf4 Qe7 11. Qd2 O-O 12. O-O Bg4 13. Rae1 Nd7 14. e4 Bh6
15. Kh1 Rae8 16. Ng1 Ne5 17. b3 Bc8 18. Qe2 Bg4 19. Qc2 Nd7 20. Nge2 a6 21. Ng3
Qh4 22. Qf2 Bg7 23. Nce2 b5 24. Ng1 Bc3 25. Rc1 Bd4 26. Qd2 Qh6 27. Qd3 b4 28.
N1e2 Bh8 29. Bf3 Nf6 30. Rf2 Qh4 31. Rg1 Bg7 32. Bxg4 Nxg4 33. Rfg2 Kh8 34. Qf3
h5 35. Nf1 Qe7 36. Nfg3 Nf6 37. h3 h4 38. Nf5 Qxe4 39. Qxe4 Nxe4 40. Nxh4 Bh6
41. Nf3 Re7 42. f5 gxf5 43. Nh4 Re5 44. Rf1 f4 45. Nxf4 Kh7 46. Nd3 Rh5 47. Rg4
Rxh4 48. Rxh4 Ng3+ 49. Kg2 Nxf1 50. Kxf1 Re8 51. Nf2 f5 52. Nh1 Kg6 53. Ng3 Bg5
54. Rh5 Re3 55. Rh8 Rxg3 56. h4 Bf4 57. Kf2 Rh3 58. Ra8 Kh5 59. Rxa6 Kg4 60. a4
Rh2+ 61. Ke1 Kf3 0-1